Länder, die am meisten Wein trinken - Statistiken

Allgemein
  • Dieses Quiz wurde 4.840 mal gespielt
  • Das Durchschnittsergebnis liegt bei 11 aus 20
Antwortstatistiken
Flaschen / Person Land % Korrekt
77,3 Frankreich
97%
54,2 Italien
97%
78,9 Portugal
83%
59,2 Schweiz
82%
40,3 Österreich
80%
49,4 Griechenland
76%
45,3 Belgien
72%
45,5 Schweden
64%
43,6 Vereinigtes Königreich
62%
42,0 Australien
59%
48,9 Dänemark
57%
61,6 Luxemburg
57%
64,2 Slowenien
50%
49,4 Andorra
49%
41,4 Argentinien
47%
39,7 Serbien
47%
52,7 Montenegro
31%
69,0 Moldawien
22%
49,0 Seychellen
3%
50,3 São Tomé und Príncipe
2%
Keine übereinstimmenden Quizze gefunden
Verteilung der Resultate
Anzahl Personen mit jedem Resultat
Perzentil nach korrekt beantworteten Fragen
Ihre Resultats-Entwicklung
Sie haben dieses Quiz noch nicht gespielt